Theoretical perspective in sociology (Record no. 9441)

MARC details
000 -LEADER
fixed length control field 00462cam a2200193ua 4500
008 - FIXED-LENGTH DATA ELEMENTS--GENERAL INFORMATION
fixed length control field 190225n ii |||gr||||Z||||||eng
020 ## - INTERNATIONAL STANDARD BOOK NUMBER
International Standard Book Number 9788186860960
040 ## - CATALOGING SOURCE
Transcribing agency MAIN
041 ## - LANGUAGE CODE
-- eng
082 ## - DEWEY DECIMAL CLASSIFICATION NUMBER
Classification number 301
100 ## - MAIN ENTRY--PERSONAL NAME
Personal name Upasona Sarma,
Relator term
245 ## - TITLE STATEMENT
Title Theoretical perspective in sociology
250 ## - EDITION STATEMENT
Edition statement 1st ed.
260 ## - PUBLICATION, DISTRIBUTION, ETC.
Place of publication, distribution, etc. Dibrugarh:
Name of publisher, distributor, etc. NLpublishers,
Date of publication, distribution, etc. 2013.
300 ## - PHYSICAL DESCRIPTION
Extent 222p.
942 ## - ADDED ENTRY ELEMENTS (KOHA)
Koha item type Books
653 ## - INDEX TERM--UNCONTROLLED
Uncontrolled term Sociology & anthropology
Holdings
Withdrawn status Lost status Damaged status Not for loan Home library Current library Shelving location Date acquired Total Checkouts Full call number Barcode Date last seen Date last checked out Copy number Price effective from Koha item type Date due
        Central Library, Naharkatiya College Central Library, Naharkatiya College General Stacks 19/09/2020 4 301 | SAR 24209 11/03/2023 27/02/2023 1 19/09/2020 Books  
        Central Library, Naharkatiya College Central Library, Naharkatiya College General Stacks 19/09/2020 6 301 | SAR 24210 23/03/2023 23/03/2023 2 19/09/2020 Books 07/04/2023
        Central Library, Naharkatiya College Central Library, Naharkatiya College General Stacks 19/09/2020 3 301 | SAR 24211 19/10/2022 19/10/2022 3 19/09/2020 Books 03/11/2022

Naharkatiya College © 2020. All rights reserved.

Powered By